000 00347nam a22001337a 4500
020 _a9781860642579
040 _cNUST
082 _a297 AKB
100 _aAhmed, Akbar S.
_95313
245 _aIslam Today :
_bA Short Introduction to the Muslim World
260 _aNew York:
_bI.B. Tauris Publishers,
_c2008.
650 _aIslam
942 _2ddc
_cBK
999 _c594352
_d594352